| 000 | 00628nam a22002177a 4500 | ||
|---|---|---|---|
| 001 | 27378 | ||
| 003 | BD-RjUL | ||
| 005 | 20211209051140.0 | ||
| 008 | 140325s1968 ii a|||| |||| 00| 0 eng d | ||
| 035 | _a(BD-RjUL)27451 | ||
| 040 |
_aBD-RjUL _beng _cBD-RjUL _dBD-RjUL |
||
| 041 | _aeng | ||
| 082 | 0 | 4 |
_219 _a954.792 _bSHL 1968 |
| 100 | 1 |
_aShyam, Radhey _974042 |
|
| 245 | 1 |
_aLife and times of Malik Ambar / _cby Radhey Shyam |
|
| 260 |
_aDelhi : _b Munshiram Manoharlal, _c1968. |
||
| 300 |
_a169 p. : _b illus. ; _c22 cm. |
||
| 504 | _aInclude bibliography | ||
| 600 | 0 |
_a Malik ʻAmbar, _d 1549-1626. _984116 |
|
| 942 |
_2ddc _cBK |
||
| 999 |
_c27378 _d27378 |
||